000 00445nam a2200181Ia 4500
001 569
005 20260306140527.0
008 260306t2018||||xx |||||||||||||| ||spa||
041 _aESP
082 _a128
_bF81
100 _aFranck, Juan F.
_eAUT
245 0 _a¿Somos o no somos nuestro cerebro? :
_bun ensayo filosófico
260 _c2018
300 _a141 páginas :
_c20 cm.
650 _aGEN
654 _aCHU
942 _cLIB
_dJUS
_fJUS
_2ddc
_n
999 _c569
_d569